| 000 | 01073nam a22002657a 4500 | ||
|---|---|---|---|
| 005 | 20180228142353.0 | ||
| 010 | _a1617EN B-652886-900 ENG-115067 | ||
| 020 |
_a9788121211673 _c750.00 |
||
| 035 | _aB-652886-900 | ||
| 035 | _aB-667660 | ||
| 035 | _aEN-98599 | ||
| 037 |
_bKKP _adpl |
||
| 037 | _bDBAD/Author | ||
| 082 | _a200.9 | ||
| 100 | _aKarkra,B.K. | ||
| 245 |
_aThe origin of religions : _ban open eyed journey through a mystic world / _cby B.K. Karkra |
||
| 246 | _a2nd ed | ||
| 260 |
_aNew Delhi _bGyan Publishing House _c2014(repr.) |
||
| 270 |
_a23, Main Ansari Road, Daryaganj _bNew Delhi _e110002 |
||
| 300 |
_a268p. : _c22cm(Hb) _bill. |
||
| 500 | _aIncludes bibliographical references and index | ||
| 942 |
_2ddc _cEN _h200.9 _mKAR |
||
| 999 |
_c99508 _d99508 |
||